LaLiga Logos Quiz - Statistics

General Stats
  • This quiz has been taken 5,590 times
    5,254 since last reset
  • The average score is 15 of 20
Answer Stats
Picture Answer % Correct
Real Madrid
100%
Atletico Madrid
88%
Villarreal
88%
Barcelona
86%
Real Betis
85%
Valencia
84%
Sevilla
83%
Getafe
81%
Real Sociedad
78%
Athletic Club Bilbao
75%
Girona
74%
Espanyol
72%
Celta Vigo
71%
Osasuna
71%
Mallorca
70%
Rayo Vallecano
63%
Cadiz
59%
Real Valladolid
54%
Almeria
52%
Elche
52%
No matching quizzes found
Score Distribution
Percent of People with Each Score
Percentile by Number Answered
Your Score History
You have not taken this quiz since the last reset